Score 0/20 Timer 04:00
8 Plays Today
% Correct
Island
98.7%
Iron
98.2%
Igloo
90.2%
Iguana
89.2%
Intestines
83.4%
Injection
83.3%
Ice Cream
81.8%
Iris
80.9%
Ivory
80.1%
Infant
77%
% Correct
Iceberg
73.1%
Ice Skates
69.9%
Ivy
67.6%
Instruments
66.7%
Icicle
54.8%
Inchworm
52.8%
Ibis
50.9%
Ibex
47.8%
Ink
38.9%
Incense
38%
Remove Ads.
Support Sporcle.
Get the best of Sporcle when you Go Orange. This ad-free experience offers more features, more stats, and more fun while also helping to support Sporcle. Thank you for becoming a member.

You're not logged in!

Compare scores with friends on all Sporcle quizzes.
OR
Log In

Show Comments

Extras

Top Quizzes Today


Score Distribution

Your Account Isn't Verified!

In order to create a playlist on Sporcle, you need to verify the email address you used during registration. Go to your Sporcle Settings to finish the process.

Report this User

Report this user for behavior that violates our Community Guidelines.

Details: